000 00744nam a2200229Ia 4500
001 19848
003 GE_BSU
008 181216s||||||||xx |||||||||||||| ||und||
040 _cGE_BSU
080 _a02(09)(075.8)
100 _aლორია,ა. სურმავა, მ.
245 _aსაბიბლიოთეკო საქმის ისტორია ნ.1
245 _cრედ.ნ. გომართელი
260 _aთბილისი
260 _c2006
300 _a183გვ.
541 _h6ლ. 60თ.
653 _aბიბლიოთეკარი
653 _aსაბიბლიოთეკო საქმის ისტორია
653 _aქსეროქსი
942 _cBK
999 _c52818
_d52818